000 00422cam a2200169ua 4500
041 _aeng
_h
082 _a828.09
_bDOV/WH
100 _aDover Wilson , J .
245 _aWhat Happens In Hamlet /
_cJ Dover wilson.
_hTextual Documents
250 _a1 /
_b.
260 _aLendon :
_bCambridge University Press ,
_c1967.
300 _a357 ; .
504 _a
942 _cBK
999 _c2792
_d2792